[Event "45th Olympiad 2024"]
[Site "Budapest HUN"]
[Date "2024.09.21"]
[Round "10.83"]
[Board "2"]
[White "Mak, Tong Kuan"]
[Black "Meier, Peter"]
[Result "1-0"]
[WhiteElo "1902"]
[BlackElo "2062"]
[PlyCount "81"]
[EventDate "2024.09.11"]
[WhiteTeam "Macau, China"]
[BlackTeam "Seychelles"]
[BlackTeamCountry "SEY"]

1. e4 c5 2. Nf3 g6 3. c4 Bg7 4. d4 cxd4 5. Nxd4 Nc6 6. Be3 Nf6 7. Nc3 O-O 8. Be2 d6 9. O-O Nxd4 10. Bxd4 Be6 11. b3 Nd7 12. f4 Bxd4+ 13. Qxd4 Qb6 14. Rad1 f6 $146 ({RR} 14... Qxd4+ 15. Rxd4 f5 16. Nb5 Rfc8 17. exf5 Bxf5 18. g4 Be6 19. f5 Bf7 20. Bf3 a6 21. fxg6 hxg6 22. Nc3 Rab8 23. Nd5 Re8 24. Rf4 Ne5 25. Be4 Kg7 26. h4 Rbc8 27. Ne3 Rc7 28. Rd1 Rh8 29. g5 {1-0 Muzychuk,M-Breslavskaya,M UKR-ch U12 Girls 2002 (8)}) ({RR} 14... Qxd4+ 15. Rxd4 Nc5 16. f5 {½-½ Vondra,F (1763)-Cech,N (1607) Ceske Budejovice Open 2024 (8.47)}) ({RR} 14... Qxd4+ 15. Rxd4 Nb6 16. f5 Bd7 17. f6 Rfe8 18. fxe7 Rxe7 19. Rxd6 Bc6 20. Bf3 Nd7 21. Nd5 Bxd5 22. exd5 Rae8 23. h3 Kg7 24. Bd1 Nc5 25. Bc2 f5 26. b4 Ne4 27. Bxe4 Rxe4 28. Rc1 R8e7 29. Rc3 {½-½ Peglau,M (1916)-Moeller,L (1934) GER-chT U20 Girls 2019 (2.3)}) 15. Bf3 Rab8 16. Rfe1 Qxd4+ 17. Rxd4 g5 18. Nd5 Bxd5 19. exd5 Rf7 20. g3 gxf4 21. gxf4 Rg7+ 22. Kf2 b5 23. cxb5 Rxb5 24. Rc1 Nb6 25. Rc3 Kf8 26. a4 Ra5 27. Rd1 Ke8 28. Be4 Kd8 29. Bf5 e5 30. Be6 Nd7 31. Rc6 Rc5 32. Rxd6 exf4 33. Rc6 Ra5 34. Rdc1 Nb6 35. d6 Rd7 36. Bxd7 Kxd7 37. R1c5 Rxc5 38. Rxc5 Kxd6 39. Ra5 Nc8 40. Kf3 Ke6 41. Kxf4 1-0

[Event "45th Olympiad 2024"]
[Site "Budapest HUN"]
[Date "2024.09.21"]
[Round "10.83"]
[Board "3"]
[White "Pillay, Ragul"]
[Black "Wong, Kai Meng"]
[Result "0-1"]
[WhiteElo "1633"]
[BlackElo "1795"]
[PlyCount "74"]
[EventDate "2024.09.11"]
[WhiteTeam "Seychelles"]
[BlackTeam "Macau, China"]
[WhiteTeamCountry "SEY"]

1. d4 Nf6 2. c4 e6 3. Nc3 d5 4. cxd5 exd5 5. Bg5 Be7 6. Nf3 O-O 7. e3 c6 8. Be2 Re8 ({RR} 8... Bg4 9. Bh4 Ne4 10. Bxe7 Qxe7 11. Nxe4 {½-½ Dizdarevic,E (2509)-Kurajica,B (2499) Sarajevo Bosna op-A 44th 2014 (5)}) ({RR} 8... h6 9. Bh4 Re8 10. O-O a5 11. Rc1 Na6 12. Bxa6 Rxa6 13. Ne5 Nd7 14. Bxe7 Qxe7 15. Nxd7 Bxd7 16. Qd2 a4 17. a3 f5 18. Rfe1 Qf6 19. Qc2 b5 20. Qd2 Raa8 21. Na2 Re6 22. Nb4 Rae8 23. Nd3 {0-1 Zhizmer,Y (2289)-Valiyev,S (2244) Titled Tue 23rd Apr Late 2024 (4)}) 9. O-O Nbd7 10. Re1 $146 ({RR} 10. Rc1 h6 11. Bh4 Ne4 12. Bxe7 Qxe7 13. a3 Ng5 14. b4 Nxf3+ 15. Bxf3 Nf6 16. h3 Bf5 17. g4 Bg6 18. Re1 a5 19. Qb3 axb4 20. axb4 h5 21. g5 Ne4 22. h4 Nd2 23. Qd1 Nxf3+ 24. Qxf3 Qxb4 {0-1 Krueger,I (1351)-Sonntag,J (1787) Dortmund op 2006 (1.21)}) ({RR} 10. Rb1 a5 11. a3 Nf8 12. Bxf6 Bxf6 13. b4 axb4 14. axb4 {½-½ Vahidov,T (2430)-Kayumov,D (2385) Tashkent 1992}) ({RR} 10. Rc1 Ne4 11. Bxe7 Qxe7 12. Re1 Ndf6 13. Ne5 Nxc3 14. bxc3 Ne4 15. c4 f6 16. Nf3 Be6 17. a4 Bf7 18. c5 g5 19. Qc2 Bg6 20. Bd3 Qf7 21. h3 Kg7 22. Nh2 Re7 23. f3 Ng3 24. Bxg6 Qxg6 {0-1 Ollek,K (1651)-Bumes,K (1653) GER-chT Betriebe 2006 (4.1)}) 10... Ne4 11. Nxe4 dxe4 12. Bxe7 Qxe7 13. Nd2 Qg5 14. Bg4 f5 15. Qb3+ Kh8 16. Bh3 Nf6 17. Qf7 Rb8 18. Qc7 Be6 19. Qg3 Qh6 20. Nb3 b6 21. Rac1 Rbc8 22. Qd6 g5 23. d5 Rcd8 24. Qg3 Rxd5 25. f3 g4 26. fxg4 fxg4 27. Bxg4 Nxg4 28. Rxc6 Qg7 29. Nd4 Bd7 30. Rc7 Nxe3 31. Qxg7+ Kxg7 32. Rxe3 Rxd4 33. Rxa7 Kh8 34. h3 Bb5 35. Rg3 e3 36. Rgg7 Rd7 37. Raxd7 Bxd7 0-1

[Event "45th Olympiad 2024"]
[Site "Budapest HUN"]
[Date "2024.09.21"]
[Round "10.84"]
[Board "1"]
[White "Koumba, Mounguen Jose Evrard"]
[Black "Bhakta Bahadur Monger"]
[Result "0-1"]
[WhiteElo "1957"]
[BlackElo "1911"]
[PlyCount "110"]
[EventDate "2024.09.11"]
[WhiteTeam "Gabon"]
[BlackTeam "Bhutan"]
[WhiteTeamCountry "GAB"]
[BlackTeamCountry "BTN"]

1. e4 e6 2. d4 d5 3. Nc3 dxe4 4. Nxe4 Bd7 5. c4 Bc6 6. Ng3 ({RR} 6. Nc3 Nf6 7. Nf3 Bxf3 8. Qxf3 c6 9. Be3 Nbd7 10. Be2 Bd6 11. O-O O-O 12. c5 Bc7 13. b4 a6 14. a4 Re8 15. b5 axb5 16. axb5 Ba5 17. bxc6 bxc6 18. Ne4 Nd5 19. Nd6 Rf8 20. Bc4 N7f6 {½-½ Nunn,J (2580)-Karpov,A (2725) Hoogovens Wijk aan Zee 1993 (3)}) ({RR} 6. Nc3 Nf6 7. Nf3 Bb4 8. Ne5 O-O 9. Be2 Ne4 10. Qd3 f5 11. O-O Bxc3 12. bxc3 Nd7 13. Nxc6 bxc6 14. Bf3 Ndf6 15. Bf4 c5 16. Be5 Rb8 17. Qe3 cxd4 18. cxd4 Rb4 19. Rac1 Qd7 20. Rfd1 c6 {0-1 Aldokhin,I (2413)-Heinechen,J (1955) Titled Tue 4th Jun Late 2024 (2)}) 6... Nf6 7. a3 $146 ({RR} 7. Nf3 Nbd7 8. a3 a5 9. Be2 Be7 10. O-O b6 11. Re1 h5 12. Ng5 h4 13. Nh1 Nf8 14. f4 Ne4 15. Nxe4 Bxe4 16. Nf2 Bf5 17. Bf3 Ra7 18. Qa4+ Nd7 19. Bc6 Bf6 20. Qb5 Ke7 21. Qxf5 g6 {1-0 Ruiz Turrillas,A (1723)-Tunon Gonzalo,E (1673) Navarra-chTA 2015 (7.7)}) 7... Be7 8. Be3 Nbd7 9. Nf3 O-O 10. Bd3 b6 11. O-O Bb7 12. Qe2 c5 13. Rad1 Qc7 14. Rd2 Rfe8 15. Bb1 Rad8 16. Rfd1 Nf8 17. Ne5 Ng6 18. Bg5 cxd4 19. Nxg6 hxg6 20. Rxd4 Rxd4 21. Rxd4 Rd8 22. Rxd8+ Qxd8 23. h4 Ne8 24. Bxe7 Qxe7 25. h5 gxh5 26. Nxh5 Qg5 27. f4 Qc5+ 28. Kh2 Nf6 29. Nxf6+ gxf6 30. b4 Qd4 31. Kg3 f5 32. Qd3 Qg7+ 33. Kf2 Qxg2+ 34. Ke1 Qg1+ 35. Kd2 Qf2+ 36. Kc3 Qxf4 37. Kb3 Qf3 38. c5 Kf8 39. Ka4 Qxd3 40. Bxd3 bxc5 41. bxc5 Ke7 42. Bb5 a6 43. Be2 Kd7 44. Ka5 Kc7 45. a4 f4 46. Kb4 f3 47. Bf1 e5 48. a5 e4 49. Kc3 e3 50. Bd3 e2 51. Kd2 Kd7 52. Ke1 Ke6 53. Bc4+ Ke5 54. Bxf7 Kd4 55. Bg6 Ke3 0-1

[Event "45th Olympiad 2024"]
[Site "Budapest HUN"]
[Date "2024.09.21"]
[Round "10.84"]
[Board "2"]
[White "Mahendra Gurung"]
[Black "Bongo Akanga Ndjila, Barthelemy"]
[Result "1-0"]
[WhiteElo "1725"]
[BlackElo "1894"]
[PlyCount "93"]
[EventDate "2024.09.11"]
[WhiteTeam "Bhutan"]
[BlackTeam "Gabon"]
[WhiteTeamCountry "BTN"]
[BlackTeamCountry "GAB"]

1. e4 e6 2. d4 d5 3. e5 c5 4. Nf3 Nc6 5. Bb5 Qa5+ 6. Nc3 Bd7 7. Bxc6 ({RR} 7. O-O) ({RR} 7. Bd2 cxd4 8. Ne2 Qxb5 9. Nfxd4 Nxd4 10. Nxd4 Qa6 11. Qe2 Qxe2+ 12. Nxe2 f6 13. exf6 Nxf6 14. Bg5 Bc5 15. Bxf6 gxf6 16. O-O Kf7 17. Rad1 Rhg8 18. c4 Bc6 19. cxd5 Bxd5 20. g3 Rad8 21. Rc1 Bb6 {0-1 Demiroglu,M-Tomilova,E (2209) Kerkinitida Cup Rapid 2023 (1.14)}) 7... Bxc6 8. O-O c4 9. a3 $146 ({RR} 9. Bd2 Qb6 10. b3 Ne7 11. bxc4 dxc4 12. Rb1 Qc7 13. Rb4 Bd7 14. Bg5 Nd5 15. Nxd5 exd5 16. c3 Bxb4 17. cxb4 O-O 18. Re1 a5 19. Qb1 axb4 20. Be7 Rfe8 21. Ng5 g6 22. Bxb4 Bf5 23. Qd1 Rxa2 {0-1 Picavez,P (1499)-Corsini,J (1680) Besancon op 2004 (2)}) 9... b5 10. Ne2 Qc7 11. c3 a5 12. Bf4 Rb8 13. h3 Ne7 14. Ng3 h5 15. Nh4 g6 16. Bg5 Nc8 17. Bf6 Rh7 18. Nf3 Nb6 19. Ng5 Rh6 20. h4 Na4 21. Qd2 b4 22. Rfc1 bxc3 23. bxc3 Rb3 24. Ne2 Nb6 25. Rcb1 Nd7 26. Rxb3 cxb3 27. a4 Nxf6 28. exf6 Qd7 29. Qd3 Bd6 30. Qa6 Bc7 31. Nf3 Bb7 32. Qa7 Bc8 33. Qa8 Kd8 34. Ne5 Bxe5 35. dxe5 Qc7 36. f4 Qc5+ 37. Kh2 Rh8 38. Qb8 Kd7 39. Nd4 Rd8 40. Nxb3 Qc6 41. Nxa5 Qc5 42. Nb3 Qc6 43. Qb4 Kc7 44. Rb1 Ba6 45. Na5 Qa8 46. Qc5+ Kd7 47. Rb6 1-0

[Event "45th Olympiad 2024"]
[Site "Budapest HUN"]
[Date "2024.09.21"]
[Round "10.85"]
[Board "1"]
[White "Sihlongonyane, Sikhanyiso"]
[Black "Kim, Sanker"]
[Result "1-0"]
[WhiteElo "1813"]
[BlackElo "1564"]
[PlyCount "103"]
[EventDate "2024.09.11"]
[WhiteTeam "Eswatini"]
[BlackTeam "Cambodia"]
[BlackTeamCountry "CMB"]

1. e4 Nc6 2. Nf3 e5 3. Bb5 a6 4. Ba4 Nf6 5. O-O d6 6. c3 b5 7. Bc2 Bg4 8. h3 Bh5 9. Re1 Be7 10. d3 h6 11. Nbd2 O-O $146 ({RR} 11... g5 12. Nf1 g4 13. hxg4 Bxg4 14. Ne3 Qd7 15. Nxg4 Qxg4 16. Nh2 Qg6 17. Qf3 Rg8 18. Nf1 Nd8 19. Ng3 Ne6 20. a4 c6 21. d4 Rc8 22. axb5 axb5 23. Be3 Ng4 24. Ra7 Nxe3 25. Qxe3 Bg5 26. Qf3 {1-0 Barucco,M (2000)-Peschechera,F (1837) Crema op 14th 2012 (2)}) 12. Nf1 Qd7 13. Ng3 Bg6 14. Nh4 Bh7 15. Nhf5 Bd8 16. Be3 Ne7 17. Qf3 Nxf5 18. Nxf5 Bxf5 19. exf5 d5 20. Rad1 c6 21. Bc1 Bc7 22. g4 Nh7 23. h4 f6 24. Kg2 Rfe8 25. Qh3 Qe7 26. Rh1 Rad8 27. Rdg1 c5 28. Kf1 Rd6 29. g5 h5 30. g6 Nf8 31. Qf3 e4 32. dxe4 dxe4 33. Qxh5 Rd5 34. Rg4 Qd7 35. Rxe4 Rxf5 36. Qe2 Rxe4 37. Qxe4 Re5 38. Qf3 Qe6 39. Kg2 Qxa2 40. Be4 Qe6 41. Bc2 Qd5 42. Bf4 Qxf3+ 43. Kxf3 Re7 44. Bxc7 Rxc7 45. Rd1 Rd7 46. Re1 a5 47. Re8 Rd5 48. Be4 Re5 49. Rd8 a4 50. Bc6 c4 51. Be8 Rf5+ 52. Kg2 1-0

[Event "45th Olympiad 2024"]
[Site "Budapest HUN"]
[Date "2024.09.21"]
[Round "10.86"]
[Board "2"]
[White "Mimbasa Kutesa, Willy"]
[Black "Roberts, Gennard"]
[Result "1-0"]
[WhiteElo "1848"]
[BlackElo "1582"]
[PlyCount "83"]
[EventDate "2024.09.11"]
[WhiteTeam "Democratic Republic of the Congo"]
[BlackTeam "Grenada"]
[BlackTeamCountry "GRA"]

1. e4 c5 2. Nf3 e6 3. d4 cxd4 4. Nxd4 a6 5. Bd3 Qc7 6. O-O Nf6 7. Bg5 Be7 ({RR} 7... h6 8. Bxf6 gxf6 9. Nd2 Nc6 10. N4f3 Bc5 11. c3 Ne5 12. Nxe5 Qxe5 13. Qf3 Qg5 14. Rad1 Rg8 15. Rfe1 e5 16. Bf1 d6 17. h3 b5 18. Nb3 Be6 19. Nxc5 dxc5 20. a3 Ke7 21. Qe3 Qxe3 22. Rxe3 {½-½ Jambo,L (1629)-Miladi,A (1851) Olympiad Women 2024 (6.62)}) 8. Nc3 Nc6 ({RR} 8... O-O 9. Qf3 d6 10. Qg3 Nc6 11. Nxc6 bxc6 12. Rae1 e5 13. Qh4 h6 14. Bd2 Nh7 15. Qg3 Bg5 16. f4 exf4 17. Bxf4 Bxf4 18. Rxf4 Be6 19. Kh1 a5 20. Ne2 Qb6 21. b3 Qc5 22. a4 Qe5 23. Ref1 {1-0 Beerdsen,T (2513)-Barria Zuniga,D (2341) Titled Tuesday intern op 23rd Aug Late blitz 2022 (3)}) 9. Nf3 $146 ({RR} 9. Nxc6 bxc6 10. Rb1 d5 11. exd5 cxd5 12. a3 O-O 13. Re1 Bb7 14. f3 Ng4 15. fxg4 Bxg5 16. Qe2 Rfe8 17. Nd1 e5 18. c3 e4 19. Bc2 a5 20. Ba4 Re6 21. Ne3 Qc5 22. Kh1 g6 23. Qb5 Bxe3 {0-1 De Oliveira,F-Nagashima,C (2050) Paulisto-chT 1998 (1)}) ({RR} 9. Nb3 b5 10. f4 d6 11. a4 b4 12. Ne2 Ng4 13. Bxe7 Nxe7 14. Qe1 Nc6 15. Qg3 f5 16. exf5 exf5 17. Kh1 O-O 18. Rfe1 Qa7 19. Bc4+ Kh8 20. h3 Nf2+ 21. Kh2 Ne4 22. Qd3 Ne7 23. Qd4 Qc7 {0-1 Rabbitt,M (2033)-Doklestic,I (1890) BCF-chT3Sa 1617 (4NCL) 2016 (3.16)}) ({RR} 9. Nxc6 dxc6 10. Be3 b5 11. f4 e5 12. fxe5 Ng4 13. Bf4 Qb6+ 14. Kh1 Nf2+ 15. Rxf2 Qxf2 16. Bg3 Qb6 17. Qf3 Be6 18. Nd1 O-O 19. Ne3 Qd4 20. Nf5 Bxf5 21. exf5 Qxb2 22. Re1 f6 23. Qxc6 Qxa2 {0-1 Junger,E-Torday,B (1857) HUN-chT2 Breyer 0607 2006 (1)}) 9... b5 10. Ne2 Bb7 11. c3 O-O 12. Rc1 Rfd8 13. Ned4 Rac8 14. Qe2 h6 15. Bh4 d5 16. Nxc6 Bxc6 17. e5 Ne4 18. Bxe7 Qxe7 19. Nd4 Bb7 20. f4 Rc7 21. Qg4 Bc8 22. Rf3 Re8 23. Re1 b4 24. Bxe4 dxe4 25. Rh3 Kh8 26. Rg3 g6 27. Rxe4 Rd8 28. Re1 Kh7 29. h4 h5 30. Qh3 bxc3 31. bxc3 Qa3 32. Rge3 Qxa2 33. Qg3 Bb7 34. Qg5 Rdd7 35. f5 Rxd4 36. fxg6+ fxg6 37. cxd4 Rc2 38. Rg3 Rxg2+ 39. Rxg2 Bxg2 40. Qxg2 Qc4 41. Qf2 a5 42. Rf1 1-0

[Event "45th Olympiad 2024"]
[Site "Budapest HUN"]
[Date "2024.09.21"]
[Round "10.88"]
[Board "1"]
[White "Tan, Santiago Jr"]
[Black "Kudakwashe Chinake"]
[Result "0-1"]
[WhiteElo "1903"]
[BlackElo "1859"]
[PlyCount "108"]
[EventDate "2024.09.11"]
[WhiteTeam "Palau"]
[BlackTeam "Cayman Islands"]
[WhiteTeamCountry "PAL"]
[BlackTeamCountry "CAY"]

1. e4 {ChessBase II} c6 2. d4 d5 3. exd5 cxd5 4. Nf3 Nc6 5. c3 Nf6 6. Be2 ({RR} 6. Bf4) 6... Bg4 7. O-O ({RR} 7. Bf4 e6) 7... e6 8. Bg5 ({RR} 8. Bf4 Bd6 9. Bg5) 8... Be7 9. Nbd2 O-O 10. Re1 Rc8 $146 ({RR} 10... Qc7 11. Ne5 Bxe2 12. Qxe2 a6 13. f4 b5 14. Nxc6 Qxc6 15. f5 ({RR} 15. Nf3 Qc4 ({RR} 15... a5 16. f5) ({RR} 15... Rfe8 16. Ne5 Qb6) 16. f5) 15... Rae8 ({RR} 15... b4) 16. fxe6 b4 17. exf7+ Kxf7 18. Qf3 bxc3 19. bxc3 Kg8 20. Qd3 Qd6 21. Bxf6 Bxf6 22. Nf3 Qa3 23. Qc2 Rc8 24. Rac1 Rc4 25. Qb3 {½-½ Baulier,A-Anglares,E FRA-ch16 Nice 1938 (4)} {RR} Qa5 26. Ne5 Bxe5 27. Rxe5 Rfc8 28. Qb7 Rxc3 29. Rxc3 Qxc3 30. Qxd5+ Kh8 31. Qe4 Qa1+ 32. Kf2 Qxa2+ 33. Kg3) ({RR} 10... Rb8 11. h3 Bh5 12. Bf4 Rc8 13. Rc1 Qb6 14. Qb3 Nd7 15. Qxb6 Nxb6 16. Ne5 Bxe2 17. Nxc6 bxc6 18. Rxe2 c5 19. dxc5 Rxc5 20. Be3 Ra5 21. Bxb6 axb6 22. a3 Rc8 23. Rce1 Bf6 24. Nf3 Ra4 25. Rd1 {½-½ Starke,D (2229)-Buckan,J (2097) Oberliga Ost-B 1213 2012 (1.8)}) 11. Rc1 Bxf3 12. Nxf3 a6 13. b4 b5 14. Bd3 h6 15. Bh4 Nd7 16. Bg3 Nb6 17. Bb1 Qd7 18. Qd3 f5 19. Be5 Bf6 20. h3 Bxe5 21. dxe5 Nc4 22. Bc2 Ne7 23. Bb3 g6 24. Bxc4 Rxc4 25. Nd2 Rc7 26. Nb3 Nc8 27. a3 Nb6 28. Qe3 Na4 29. Qxh6 Qg7 30. Qd2 Rfc8 31. Nd4 Kf7 32. Nf3 Ke7 33. Qd4 g5 34. h4 gxh4 35. Qxh4+ Kd7 36. Red1 Rg8 37. Qh2 Rc4 38. Rd4 Rh8 39. Qf4 Nxc3 40. Rxc3 Qh7 41. Kf1 Rxc3 42. Qd2 Qh1+ 43. Ke2 Qc1 44. Rxd5+ exd5 45. Qxd5+ Kc7 46. Qd6+ Kb7 47. Qd5+ Rc6 48. Nd2 Rh1 49. Qd7+ Rc7 50. Qd5+ Qc6 51. Qxc6+ Rxc6 52. f4 Rc2 53. Kd3 Rxd2+ 54. Kxd2 Rh2 0-1

[Event "45th Olympiad 2024"]
[Site "Budapest HUN"]
[Date "2024.09.21"]
[Round "10.88"]
[Board "2"]
[White "Young, Christopher"]
[Black "Salvadora, Angelo"]
[Result "1-0"]
[WhiteElo "1758"]
[BlackElo "1812"]
[PlyCount "59"]
[EventDate "2024.09.11"]
[WhiteTeam "Cayman Islands"]
[BlackTeam "Palau"]
[WhiteTeamCountry "CAY"]
[BlackTeamCountry "PAL"]

1. d4 e6 2. c4 d5 3. Nc3 h6 4. Nf3 ({RR} 4. Bf4 Nf6 5. e3 Bd6 6. Bg3 O-O 7. Rc1 c6 8. Nf3 Bxg3 9. hxg3 Nbd7 10. Qc2 Qe7 11. a3 dxc4 12. Bxc4 c5 13. dxc5 Nxc5 14. e4 b6 15. e5 Nd5 16. Bxd5 exd5 17. Nxd5 Qe6 18. Nc7 Qd7 {1-0 So,W (2770)-Fedoseev,V (2678) Speed Chess Super Swiss KO blitz 2020 (2.5)}) 4... c6 ({RR} 4... a6 5. e3 Nf6 6. Qc2 c5 7. cxd5 cxd4 8. Qa4+ Bd7 9. Qxd4 exd5 10. Nxd5 Qa5+ 11. Nc3 Nc6 12. Qd1 Ne4 13. Bd2 Nxd2 14. Qxd2 Bb4 15. a3 Bxc3 16. Qxc3 Qxc3+ 17. bxc3 O-O 18. O-O-O Bg4 19. Be2 {1-0 Da Silva,L (2029)-Barroso,D (1349) Sampa Chess Open 2024 (5.14)}) 5. e3 $146 ({RR} 5. Bf4 Bd6 6. Bg3 Bxg3 7. hxg3 Qa5 8. cxd5 exd5 9. Qc2 Be6 10. O-O-O Nd7 11. e3 Ne7 12. Ng5 O-O-O 13. Nxe6 fxe6 14. Kb1 Qc7 15. Rc1 Rdf8 16. Nb5 Qb8 17. Qa4 a6 18. Qb4 Kd8 19. Nc3 Rxf2 {½-½ Prasad,R (1597)-Terubea,C (1397) Fiji op 2nd Suva 2016 (7)}) 5... Nf6 6. Bd3 Na6 7. O-O Nc7 8. e4 dxe4 9. Nxe4 Nxe4 10. Bxe4 Be7 11. Bf4 Bg5 12. Qd2 Bd7 13. Nxg5 hxg5 14. Bxg5 f6 15. Bf4 Na6 16. Rfe1 Kf7 17. Rad1 f5 18. Bc2 Qh4 19. d5 Rad8 20. h3 Rde8 21. Bg5 Qxc4 22. dxe6+ Bxe6 23. Bb3 Qb4 24. Qd7+ Kg6 25. Rxe6+ Rxe6 26. Bxe6 Qf8 27. Be7 Qe8 28. Bxf5+ Kh6 29. Qd2+ g5 30. Qxg5# 1-0

[Event "45th Olympiad 2024"]
[Site "Budapest HUN"]
[Date "2024.09.21"]
[Round "10.88"]
[Board "3"]
[White "Mahor Jr, Manuel"]
[Black "Shaw, Clifford"]
[Result "1-0"]
[WhiteElo "1759"]
[BlackElo "1744"]
[PlyCount "61"]
[EventDate "2024.09.11"]
[WhiteTeam "Palau"]
[BlackTeam "Cayman Islands"]
[WhiteTeamCountry "PAL"]
[BlackTeamCountry "CAY"]

1. d4 e6 2. Nf3 f5 3. c4 Nf6 4. Nc3 b6 5. d5 ({RR} 5. e3 Bb4 6. Qb3 Bxc3+ 7. Qxc3 Bb7 8. Be2 d6 9. b3 Qe7 10. Bb2 Nbd7 11. O-O-O Ne4 12. Qe1 a5 13. Rg1 O-O 14. Nd2 a4 15. f3 Nxd2 16. Qxd2 b5 17. cxb5 axb3 18. axb3 c6 19. g4 cxb5 {0-1 Khismatullin,D (2552)-Zaitsev,V (2392) Serpukhov Lushki-A 2004 (10)}) 5... Bb4 ({RR} 5... Bb7 6. dxe6 dxe6 7. Qxd8+ Kxd8 8. Bg5 Be7 9. O-O-O+ Ke8 10. Nb5 Na6 11. h3 Rd8 12. e3 Rxd1+ 13. Kxd1 Ne4 14. Bxe7 Nxf2+ 15. Ke2 Nxh1 16. Bh4 h6 17. g4 g5 18. Be1 f4 19. exf4 gxf4 20. Bg2 {0-1 Broca Jimenez,F (2075)-Correa,J (1883) Titled Tuesday intern op 20th July blitz 2021 (6)}) 6. Bg5 $146 ({RR} 6. Bd2 O-O 7. g3 Bb7 8. Bg2 Na6 9. O-O Qe7 10. a3 Bxc3 11. Bxc3 Ne4 12. Bd4 Rad8 13. dxe6 dxe6 14. Qc2 Ng5 15. Rad1 Nxf3+ 16. exf3 c5 17. Be5 Rxd1 18. Rxd1 Rd8 19. Rd3 Nb8 20. Bxb8 Rxb8 {½-½ Selezniev,A-Opocensky,K Bad Pistyan Breyer Memorial-A 1922 (18)}) ({RR} 6. dxe6 Bxc3+ 7. bxc3 dxe6 8. Qxd8+ Kxd8 9. Ne5 Ke7 10. c5 bxc5 11. Ba3 Nbd7 12. Nxd7 Nxd7 13. e4 fxe4 14. Bb5 Bb7 15. Rd1 Rhd8 16. O-O a6 17. Ba4 Bd5 18. Rfe1 Bxa2 19. Rxe4 Nf6 20. Bxc5+ Kf7 {½-½ Lematschko,T (2340)-Maric,M (2165) Belgrade (Women) 1987 (4)}) ({RR} 6. Bd2 O-O 7. Qb3 Na6 8. dxe6 dxe6 9. g3 Bb7 10. Bg2 Qe7 11. O-O Bxc3 12. Bxc3 Nc5 13. Qa3 a5 14. b3 Nfd7 15. Ne5 Bxg2 16. Kxg2 Nxe5 17. Bxe5 Qd7 18. Qb2 Qc6+ 19. f3 Rf7 20. Rad1 Rd7 {1-0 Barlag,C (2107)-Stork,J (1924) Werther Schloss op-A 11th 2005 (5)}) 6... exd5 7. cxd5 O-O 8. Qb3 Bxc3+ 9. Qxc3 h6 10. Bxf6 Rxf6 11. e3 c5 12. Bc4 d6 13. O-O Bd7 14. a4 Be8 15. Rfe1 Bh5 16. Nd2 Nd7 17. Be2 Bxe2 18. Rxe2 a6 19. Rae1 b5 20. e4 Qb6 21. a5 Qd8 22. b4 Rc8 23. exf5 Rxf5 24. Qd3 Qg5 25. Nf3 Rxd5 26. Qe4 Qf5 27. Qe7 Nf6 28. Qb7 cxb4 29. Re7 Nh5 30. Nh4 Re5 31. Nxf5 1-0

[Event "45th Olympiad 2024"]
[Site "Budapest HUN"]
[Date "2024.09.21"]
[Round "10.89"]
[Board "1"]
[White "Kamara, Ansumana"]
[Black "Murphy, Jones"]
[Result "1-0"]
[WhiteElo "1876"]
[BlackElo "2021"]
[PlyCount "115"]
[EventDate "2024.09.11"]
[WhiteTeam "Sierra Leone"]
[BlackTeam "Dominica"]
[WhiteTeamCountry "SIE"]

1. e4 e5 2. Nf3 Nc6 3. Bb5 a6 4. Ba4 Nf6 5. d3 b5 6. Bb3 g6 ({RR} 6... Na7) 7. O-O ({RR} 7. Nc3 Bg7 8. a3 O-O 9. Bg5 h6 10. Bh4 g5 11. Bg3 d6 12. Nd5 Ne7 13. Ne3 Be6 14. c3 Ng6 15. Nf5 Bxf5 16. exf5 Ne7 17. Nd2 Nxf5 18. Qf3 Nxg3 19. hxg3 d5 20. g4 Qd7 21. Bd1 e4 {0-1 Priyanka,K (2168)-Sharma,I (2234) Asian Continental Blitz w 2022 (2.18)}) 7... Bg7 8. a4 $146 ({RR} 8. c3 O-O 9. Bg5 d6 10. Nbd2 Na5 11. Bc2 c5 12. d4 cxd4 13. cxd4 Re8 14. Rc1 Bg4 15. h3 Bxf3 16. Nxf3 Rc8 17. dxe5 dxe5 18. Qxd8 Rcxd8 19. Rfd1 Rxd1+ 20. Rxd1 Nh5 21. Rd6 Ra8 22. Bd3 f6 {1-0 Ortiz,J-Henao Nino,C Valledupar op 2nd 2011 (4)}) ({RR} 8. Nc3 d6 9. h3 O-O 10. Bg5 Re8 11. Nd5 Be6 12. c3 Na5 13. Ne3 Nxb3 14. axb3 c6 15. d4 exd4 16. Nxd4 Qd7 17. Bxf6 Bxf6 18. Nec2 c5 19. Nxe6 Rxe6 20. Qd5 Rae8 21. Rfe1 Qc8 22. b4 Re5 {1-0 Hendrich,D (1498)-Seibert,J (1338) SJRH-ch U18 Worms 2001 (3)}) ({RR} 8. c3 d5 9. Bg5 dxe4 10. Bxf6 Bxf6 11. dxe4 O-O 12. Qc2 Qe7 13. Rd1 Rd8 14. Bd5 Bb7 15. Nbd2 Ra7 16. Nb3 Nb8 17. Bxb7 Rxb7 18. Rxd8+ Qxd8 19. Nc5 Rb6 20. Rd1 Rd6 21. Rxd6 Qxd6 22. b4 Nd7 {½-½ Ochirova,A-Emelyanenko,M Elista-ch 2014 (8)}) 8... Bb7 9. axb5 axb5 10. Rxa8 Qxa8 11. Nc3 b4 12. Na2 O-O 13. Bd2 Qa5 14. Qe1 Re8 15. Nxb4 Nxb4 16. Bxb4 Qb6 17. Ng5 d5 18. Ba5 Qa7 19. exd5 Nxd5 20. Bd2 h6 21. Ne4 Kh7 22. c4 Ne7 23. Be3 Qb8 24. Nc5 Bc6 25. Qd2 Nf5 26. Bd1 Qa8 27. f3 Nxe3 28. Qxe3 Rd8 29. Kh1 f5 30. Ne6 Rd7 31. Nxg7 Rxg7 32. Qxe5 Qd8 33. d4 Re7 34. Qf4 Qe8 35. Qd2 Bb7 36. h3 Qd8 37. d5 Rd7 38. Qc2 c6 39. dxc6 Bxc6 40. b4 Rd2 41. Qc1 Qd3 42. Rg1 g5 43. b5 Bb7 44. c5 Bd5 45. c6 g4 46. hxg4 fxg4 47. c7 Bb7 48. c8=Q Bxc8 49. Qxc8 Rxd1 50. Qb7+ Kg8 51. Qb8+ Kh7 52. fxg4 Rxg1+ 53. Kxg1 Qd4+ 54. Kf1 Qxg4 55. Qb7+ Kg6 56. Qc6+ Kg5 57. Qd5+ Kg6 58. Qg8+ 1-0

[Event "45th Olympiad 2024"]
[Site "Budapest HUN"]
[Date "2024.09.21"]
[Round "10.89"]
[Board "2"]
[White "Bridet, Robert"]
[Black "Winston Gerald, Mansfield Thomas"]
[Result "0-1"]
[WhiteElo "1697"]
[BlackElo "1950"]
[PlyCount "112"]
[EventDate "2024.09.11"]
[WhiteTeam "Dominica"]
[BlackTeam "Sierra Leone"]
[BlackTeamCountry "SIE"]

1. e4 e5 2. Nf3 d6 3. Bc4 Be7 4. h3 Nf6 5. d3 O-O 6. a3 ({RR} 6. Nc3 c6 7. Bb3 Nbd7 8. Be3 b5 9. O-O a5 10. a4 b4 11. Ne2 Re8 12. Ng3 Bf8 13. c3 Nc5 14. Bc4 Ne6 15. d4 exd4 16. cxd4 d5 17. exd5 Nxd5 18. Ne5 Bb7 19. Nf5 Qf6 20. Qc2 Nef4 {1-0 Biliy,V (2331)-Manukian,A (2196) Titled Tuesday intern op 2nd July blitz 2019 (8)}) ({RR} 6. Nc3 c6 7. Bg5 b5 8. Bb3 a5 9. a4 b4 10. Ne2 Nbd7 11. Be3 d5 12. Ng3 Qc7 13. O-O dxe4 14. dxe4 Nc5 15. Bxc5 Bxc5 16. Bc4 g6 17. Qd2 Kg7 18. Rfe1 h6 19. Rad1 Bd7 20. Qe2 Rad8 {0-1 Lopez Ramirez,D (1876)-Garcia Ibarra,O COL-ch U2000 2022 (7)}) 6... a6 $146 ({RR} 6... Nbd7 7. Nc3 a6 8. Be3 c6 9. Bxf7+ Rxf7 10. Ng5 Nb6 11. Nxf7 Kxf7 12. Qf3 d5 13. Bg5 Kg8 14. Bxf6 Bxf6 15. Ne2 Be6 16. b3 Nd7 17. Ng3 Qa5+ 18. b4 Qa4 19. Qd1 c5 20. O-O cxb4 21. axb4 {0-1 Zylstra,P-Walker,C WA State-ch Perth 2004 (5)}) ({RR} 6... h6 7. O-O Nbd7 8. Be3 a6 9. Nbd2 b5 10. Ba2 Bb7 11. b4 c6 12. Re1 d5 13. exd5 cxd5 14. d4 e4 15. Nh2 Nb6 16. Bb3 Qc7 17. Ng4 Nxg4 18. Qxg4 Bc8 19. Qe2 Be6 20. f3 Bh4 21. Rf1 {0-1 Pretti,J-Huys,T London Winter Classic-D 1993}) ({RR} 6... h6 7. c3 Be6 8. Qb3 Qc8 9. Be3 Nc6 10. Bxe6 fxe6 11. O-O Kh7 12. Nh2 d5 {½-½ Kukovec,D (1790)-Rozman,F (1671) SLO-chT2 Ost 2010 (6)}) 7. Nbd2 c6 8. Ba2 Qc7 9. Nc4 Nbd7 10. Ne3 g6 11. O-O Nh5 12. Ng4 Nc5 13. Ng5 Kg7 14. Qd2 Nf4 15. Nf3 h5 16. Ngh2 Rh8 17. Qe3 Nce6 18. Kh1 c5 19. Ng1 Nd4 20. Qd2 Qb6 21. Qd1 Nfe6 22. c3 Nc6 23. Nhf3 Bd7 24. Nd2 Qd8 25. Nc4 b5 26. Ne3 Rc8 27. Nd5 Nc7 28. Nb6 Rb8 29. Nxd7 Qxd7 30. f4 f6 31. Qf3 exf4 32. Bxf4 Ne5 33. Bxe5 dxe5 34. Rad1 Rbd8 35. d4 cxd4 36. cxd4 exd4 37. Ne2 d3 38. Nf4 d2 39. Nd5 Nxd5 40. Bxd5 Qd6 41. Rxd2 Rc8 42. Qe3 Rc7 43. Ba2 Qe5 44. Bd5 Bd6 45. Kg1 Bc5 46. Qxc5 Rxc5 47. Bb7 Rf8 48. b4 Rc3 49. Rd5 Qg3 50. e5 fxe5 51. Rd7+ Kh6 52. Rfd1 e4 53. Re7 e3 54. Re6 Rf2 55. Be4 Rxg2+ 56. Bxg2 Rc2 0-1